[Event "Warsaw Najdorf Memorial op-A 15th"]
[Site "Warsaw"]
[Date "2017.07.15"]
[Round "7"]
[White "Aditya, Mittal"]
[Black "Prince, Bajaj"]
[Result "0-1"]
[WhiteElo "2203"]
[BlackElo "2344"]
[PlyCount "76"]
[EventDate "2017.07.09"]
[EventType "swiss"]
[EventRounds "9"]
[EventCountry "POL"]
[SourceTitle "CBM 179 Extra"]
[Source "ChessBase"]
[SourceDate "2017.08.23"]
[SourceVersion "1"]
[SourceVersionDate "2017.08.23"]
[SourceQuality "1"]

1. d4 Nf6 2. c4 e6 3. Nc3 Bb4 4. f3 c5 5. d5 d6 6. e4 b5 7. Nge2 exd5 8. cxd5 0-0 9. Ng3 a6 10. Be2 Nbd7 11. 0-0 c4 12. Kh1 Nc5 13. Be3 Re8 14. Bd4 h5 15. Kg1 h4 16. Nh1 Nh5 17. a3 Ba5 18. Bxc5 dxc5 19. f4 Nf6 20. e5 b4 21. Na4 Nxd5 22. Bxc4 Ne3 23. Bxf7+ Kxf7 24. Qb3+ Nd5 25. Rad1 Bb7 26. Nxc5 Bb6 27. axb4 Bc6 28. Nf2 Bxc5 29. bxc5 Rb8 30. Qf3 Kg8 31. Ne4 Rf8 32. Qg4 Qc8 33. Qxh4 Ne3 34. Nd6 Qe6 35. Rd3 Rxb2 36. Rf3 Rxg2+ 37. Kh1 Bxf3 38. Rxe3 Rg4+ 0-1

[Event "Graz op-A"]
[Site "Graz"]
[Date "2017.02.24"]
[Round "7"]
[White "Prince, Bajaj"]
[Black "Gundavaa, Bayarsaihan"]
[Result "0-1"]
[WhiteElo "2337"]
[BlackElo "2479"]
[PlyCount "108"]
[EventDate "2017.02.20"]
[EventType "swiss"]
[EventRounds "9"]
[EventCountry "AUT"]
[SourceTitle "CBM 177 Extra"]
[Source "ChessBase"]
[SourceDate "2017.04.27"]
[SourceVersion "1"]
[SourceVersionDate "2017.04.27"]
[SourceQuality "1"]

1. e4 c5 2. Nf3 e6 3. b3 b6 4. Bb2 Bb7 5. Qe2 d6 6. g3 Nf6 7. d3 Be7 8. Bg2 Nc6 9. 0-0 e5 10. c3 Ba6 11. c4 Nd4 12. Nxd4 cxd4 13. Nd2 h5 14. h3 h4 15. g4 g5 16. Nf3 Nd7 17. Nxd4 exd4 18. Bxd4 0-0 19. f4 Bf6 20. e5 Bg7 21. Bb2 dxe5 22. fxe5 Nc5 23. d4 Ne6 24. Bxa8 Qxa8 25. d5 Nf4 26. Rxf4 gxf4 27. Qf2 b5 28. Qxf4 bxc4 29. bxc4 Qb8 30. Bc3 Qc7 31. d6 Qc6 32. Kh2 Bxc4 33. Rc1 Be6 34. Bd4 Qa4 35. Qf2 a6 36. Rc7 Qd1 37. Rc5 Rb8 38. d7 Rd8 39. Qxh4 Qd2+ 40. Kh1 f6 41. exf6 Qxd4 42. fxg7 Bd5+ 43. Rxd5 Qxd5+ 44. Kg1 Qd1+ 45. Kg2 Qxd7 46. Qh8+ Kf7 47. Qh5+ Kxg7 48. Qg5+ Kf7 49. Qf4+ Kg6 50. Qe4+ Kh6 51. Qf4+ Kh7 52. Qe4+ Kh8 53. Qe5+ Qg7 54. Qh5+ Kg8 0-1

[Event "Graz op-A"]
[Site "Graz"]
[Date "2017.02.23"]
[Round "5"]
[White "Prince, Bajaj"]
[Black "Nguyen, Thai Dai Van"]
[Result "1/2-1/2"]
[WhiteElo "2337"]
[BlackElo "2434"]
[PlyCount "40"]
[EventDate "2017.02.20"]
[EventType "swiss"]
[EventRounds "9"]
[EventCountry "AUT"]
[SourceTitle "CBM 177 Extra"]
[Source "ChessBase"]
[SourceDate "2017.04.27"]
[SourceVersion "1"]
[SourceVersionDate "2017.04.27"]
[SourceQuality "1"]

1. e4 c5 2. Nf3 d6 3. Bb5+ Nd7 4. 0-0 a6 5. Bd3 Ngf6 6. Re1 b5 7. c4 b4 8. Bc2 e5 9. a3 bxa3 10. Rxa3 g6 11. d3 Bg7 12. Ba4 0-0 13. Bg5 h6 14. Bxd7 Bxd7 15. Bxf6 Bxf6 16. Nc3 Bg7 17. Nd5 f5 18. Qd2 Bc6 19. Rea1 Bb7 20. R1a2 Rb8 1/2-1/2

[Event "Rilton Cup 46th"]
[Site "Stockholm"]
[Date "2017.01.04"]
[Round "8"]
[White "Nihal, Sarin"]
[Black "Prince, Bajaj"]
[Result "1/2-1/2"]
[WhiteElo "2340"]
[BlackElo "2305"]
[PlyCount "46"]
[EventDate "2016.12.27"]
[EventType "swiss"]
[EventRounds "9"]
[EventCountry "SWE"]
[SourceTitle "CBM 176 Extra"]
[Source "ChessBase"]
[SourceDate "2017.03.02"]
[SourceVersion "1"]
[SourceVersionDate "2017.03.02"]
[SourceQuality "1"]

1. d4 Nf6 2. c4 e6 3. Nc3 Bb4 4. Qc2 0-0 5. Nf3 c5 6. dxc5 Na6 7. g3 Nxc5 8. Bg2 Nce4 9. 0-0 Nxc3 10. bxc3 Be7 11. e4 d6 12. e5 dxe5 13. Nxe5 Qc7 14. Qe2 Bd6 15. Re1 Rb8 16. Bf4 Nd7 17. Rab1 Nxe5 18. Bxe5 b6 19. Rbd1 Bxe5 20. Qxe5 Qxe5 21. Rxe5 Ba6 22. c5 Rfd8 23. Rde1 Rbc8 1/2-1/2

[Event "Rilton Cup 46th"]
[Site "Stockholm"]
[Date "2016.12.30"]
[Round "4"]
[White "Bluebaum, Matthias"]
[Black "Prince, Bajaj"]
[Result "1-0"]
[WhiteElo "2640"]
[BlackElo "2305"]
[PlyCount "93"]
[EventDate "2016.12.27"]
[EventType "swiss"]
[EventRounds "9"]
[EventCountry "SWE"]
[SourceTitle "CBM 176 Extra"]
[Source "ChessBase"]
[SourceDate "2017.03.02"]
[SourceVersion "1"]
[SourceVersionDate "2017.03.02"]
[SourceQuality "1"]

1. Nf3 c5 2. c4 Nc6 3. Nc3 Nf6 4. g3 g6 5. d4 cxd4 6. Nxd4 d6 7. Bg2 Bd7 8. 0-0 Bg7 9. Nc2 0-0 10. b3 Qa5 11. Bd2 Qh5 12. e4 Rac8 13. Qxh5 Nxh5 14. Rad1 a6 15. Nd5 Bg4 16. f3 Be6 17. Bg5 f6 18. Be3 f5 19. exf5 gxf5 20. Bg5 Nf6 21. Rfe1 Kf7 22. Nb6 Rcd8 23. Re2 Nd7 24. Nd5 Nf6 25. Bh3 Bc8 26. Nb6 Ne5 27. Nd4 e6 28. Nxc8 Rxc8 29. f4 Neg4 30. Nxe6 Rfe8 31. Rde1 Bh8 32. Bg2 Ne4 33. Bxe4 fxe4 34. Rxe4 Bc3 35. R1e2 b5 36. h3 Ne5 37. Nd8+ Rcxd8 38. Bxd8 Rxd8 39. fxe5 dxe5 40. cxb5 axb5 41. a4 b4 42. Kg2 Rd1 43. Ra2 Ke6 44. a5 Kf5 45. Rh4 Rd7 46. a6 Ra7 47. Rxh7 1-0

[Event "Sitges op 42nd"]
[Site "Sitges"]
[Date "2016.07.27"]
[Round "6"]
[White "Prince, Bajaj"]
[Black "Beltran Rueda, Santiago"]
[Result "1/2-1/2"]
[WhiteElo "2279"]
[BlackElo "2383"]
[PlyCount "72"]
[EventDate "2016.07.22"]
[EventType "swiss"]
[EventRounds "9"]
[EventCountry "ESP"]
[SourceTitle "EXT 2017"]
[Source "ChessBase"]
[SourceDate "2016.10.25"]
[SourceVersion "1"]
[SourceVersionDate "2016.10.25"]
[SourceQuality "1"]

1. e4 c5 2. Nf3 Nc6 3. d4 cxd4 4. Nxd4 g6 5. c4 Bg7 6. Be3 Nf6 7. Nc3 Ng4 8. Qxg4 Nxd4 9. Qd1 Ne6 10. Rc1 d6 11. Be2 Bd7 12. Qd2 Bc6 13. f3 a5 14. 0-0 0-0 15. b3 Nc5 16. Rfd1 Qb6 17. Nd5 Bxd5 18. cxd5 Rfc8 19. Rc4 Qa7 20. Rcc1 Rc7 21. g3 Qb8 22. Bb5 Qc8 23. Kg2 f5 24. exf5 Qxf5 25. Bxc5 Rxc5 26. Rxc5 dxc5 27. d6 exd6 28. Qxd6 Bd4 29. Bd3 Qg5 30. Bc4+ Kg7 31. Qd7+ Kh6 32. Re1 Rd8 33. Qh3+ Kg7 34. Qe6 Bf6 35. f4 Qf5 36. Qxf5 gxf5 1/2-1/2

[Event "Sitges op 42nd"]
[Site "Sitges"]
[Date "2016.07.23"]
[Round "2"]
[White "Prince, Bajaj"]
[Black "Cori, Jorge Moise"]
[Result "0-1"]
[WhiteElo "2279"]
[BlackElo "2602"]
[PlyCount "96"]
[EventDate "2016.07.22"]
[EventType "swiss"]
[EventRounds "9"]
[EventCountry "ESP"]
[SourceTitle "EXT 2017"]
[Source "ChessBase"]
[SourceDate "2016.10.25"]
[SourceVersion "1"]
[SourceVersionDate "2016.10.25"]
[SourceQuality "1"]

1. e4 c5 2. Nf3 d6 3. d4 cxd4 4. Nxd4 Nf6 5. Nc3 a6 6. Be2 e5 7. Nb3 Be6 8. Be3 Be7 9. Qd3 Nc6 10. a3 Rc8 11. 0-0 0-0 12. Nd5 Bxd5 13. exd5 e4 14. Qd2 Ne5 15. c4 Nfg4 16. Rac1 Nxe3 17. fxe3 Bg5 18. Nd4 g6 19. Rc3 Rc7 20. b4 Bh6 21. Rfc1 Qg5 22. c5 dxc5 23. bxc5 Nd3 24. Bxd3 Qxe3+ 25. Qf2 Qxf2+ 26. Kxf2 Bxc1 27. Rxc1 exd3 28. Ke3 Rfc8 29. Nb3 Rd7 30. Ke4 Re8+ 31. Kd4 Red8 32. d6 b6 33. cxb6 Rxd6+ 34. Kc5 Rd5+ 35. Kc6 Rb5 36. Kc7 Rxb3 37. Kxd8 Rxb6 38. Rd1 Rb2 39. Rxd3 Rxg2 40. h3 h5 41. Kc7 h4 42. Rd4 g5 43. Kd6 Rg3 44. Ke5 Rxh3 45. Kf6 Rg3 46. Rd8+ Kh7 47. Rd7 h3 48. Rxf7+ Kh6 0-1

[Event "Barcelona Sant Marti op-A 18th"]
[Site "Barcelona"]
[Date "2016.07.15"]
[Round "3"]
[White "Munoz Pantoja, Miguel Angel"]
[Black "Prince, Bajaj"]
[Result "1/2-1/2"]
[WhiteElo "2477"]
[BlackElo "2279"]
[PlyCount "40"]
[EventDate "2016.07.13"]
[EventType "swiss"]
[EventRounds "9"]
[EventCountry "ESP"]
[SourceTitle "CBM 173 Extra"]
[Source "ChessBase"]
[SourceDate "2016.08.29"]
[SourceVersion "1"]
[SourceVersionDate "2016.08.29"]
[SourceQuality "1"]

1. e4 c5 2. g3 g6 3. Bg2 Bg7 4. Ne2 Nc6 5. c3 e5 6. d3 Nge7 7. Be3 b6 8. c4 d6 9. Nbc3 0-0 10. 0-0 Be6 11. Qd2 Qd7 12. Bh6 Bh3 13. Bxg7 Kxg7 14. f4 Bxg2 15. Kxg2 f5 16. Rf2 Rf7 17. Raf1 Raf8 18. Nd5 Nxd5 19. exd5 Nd4 20. Nxd4 exd4 1/2-1/2